Lehrbuch der mikrochemie, (Record no. 9116)

MARC details
000 -LEADER
fixed length control field 00636cam a22002171 4500
001 - CONTROL NUMBER
control field agr27000681
003 - CONTROL NUMBER IDENTIFIER
control field DLC
005 - DATE AND TIME OF LATEST TRANSACTION
control field 20260227110947.0
008 - FIXED-LENGTH DATA ELEMENTS--GENERAL INFORMATION
fixed length control field 800829s1926 gw a 000 0 ger c
010 ## - LIBRARY OF CONGRESS CONTROL NUMBER
LC control number agr27000681
035 ## - SYSTEM CONTROL NUMBER
System control number (OCoLC)6667938
040 ## - CATALOGING SOURCE
Original cataloging agency Library, U.S. Dept. of Agriculture
Transcribing agency OCl
Modifying agency DLC
042 ## - AUTHENTICATION CODE
Authentication code premarc
050 00 - LIBRARY OF CONGRESS CALL NUMBER
Classification number QD98
Item number .E5 1926
100 1# - MAIN ENTRY--PERSONAL NAME
Personal name Emich, Friedrich,
Dates associated with a name 1860-
245 00 - TITLE STATEMENT
Title Lehrbuch der mikrochemie,
Statement of responsibility, etc. von Friedrich Emich.
250 ## - EDITION STATEMENT
Edition statement 2., gänz. umgearb. aufl.
260 ## - PUBLICATION, DISTRIBUTION, ETC.
Place of publication, distribution, etc. München,
Name of publisher, distributor, etc. J.F. Bergmann,
Date of publication, distribution, etc. 1926.
300 ## - PHYSICAL DESCRIPTION
Extent x p., 1 l., 273, [1] p.
Other physical details illus.
Dimensions 24 cm.
650 #0 - SUBJECT ADDED ENTRY--TOPICAL TERM
Topical term or geographic name entry element Microchemistry.

No items available.

Powered by Koha